| 000 | 00525nam a2200169 i 4500 | ||
|---|---|---|---|
| 001 | 71597 | ||
| 003 | ES-MaACL | ||
| 005 | 20230906171155.0 | ||
| 007 | t| | ||
| 008 | 040813s1917 xxk ||||1| spa d | ||
| 100 | 1 |
_aGeorge, David Lloyd. _956379 |
|
| 245 | 1 | 4 |
_aLas proposiciones de paz y la actitud de los aliados / _cdiscurso pronunciado por D. Lloyd George. |
| 260 |
_aLondresHayman, Christy & Lilly, _c1917. |
||
| 300 |
_a40 p. ; _c22 cm. |
||
| 650 | 0 | 4 |
_aGuerra mundial, 1914-1918. _913212 |
| 852 |
_aES-MaACL _j1577-F-28 |
||
| 999 |
_c71597 _d71597 |
||